| 000 | 00812nam a2200277 i 4500 | ||
|---|---|---|---|
| 001 | 15567 | ||
| 003 | DO-SdUEMH | ||
| 005 | 20260130154253.0 | ||
| 007 | ta | ||
| 008 | 211105s2003||||dr a|||gr|||| 0|| | spa d | ||
| 040 |
_aDO-SdUEMH _bspa _erda |
||
| 041 | _aspa | ||
| 082 | 1 | 4 |
_aR-RD347.0127293 R426P 2003 _mRD |
| 084 | _b09-00834 | ||
| 110 | _aRepública Dominicana: Suprema Corte de Justicia: Poder Judicial | ||
| 245 | 0 |
_aPoder Judicial Dominicano: _bmemoria anual 2002 |
|
| 260 | _c2003 | ||
| 264 | 1 |
_aSanto Domingo, República Dominicana : _bAmigo del Hogar, _c2003 |
|
| 264 | 4 | _c©2003 | |
| 300 |
_a116 páginas : _bilustraciones ; _c27 cm. |
||
| 336 |
_2rdacontent _atexto _btxt |
||
| 337 |
_2rdamedia _asin mediación _bn |
||
| 338 |
_2rdacarrier _avolumen _bnc |
||
| 942 |
_2ddc _cBK _n0 |
||
| 999 |
_c15567 _d15567 |
||